Adivina el país - Ahorcado #4 - Estadísticas

Estadísticas generales
  • Esta prueba ha sido intentada 466 veces
  • La puntuación promedio es 5 de 8
Estadísticas de respuestas
Respuesta % Correcto
#1 A
100%
#4 A
100%
#3 A
100%
#3 A
100%
#3 A
100%
#9 A
100%
#9 A
100%
#7 A
100%
#5 A
100%
#6 A
100%
#6 A
100%
#12 A
100%
#12 Á
100%
#14 A
100%
#14 A
100%
#21 A
100%
#21 A
100%
#17 A
100%
#17 A
100%
#17 A
100%
#19 A
100%
#19 A
100%
#8 A
100%
#10 A
100%
#11 A
100%
#13 A
100%
#15 A
100%
#15 A
100%
#18 A
100%
#20 A
100%
#20 A
100%
#22 A
100%
#23 A
100%
#23 A
100%
#7 O
100%
#19 O
100%
#19 S
100%
#24 A
92%
#24 A
92%
#8 E
90%
#16 A
88%
#16 A
88%
#6 I
86%
#6 I
86%
#10 I
83%
#10 I
83%
#20 I
83%
#20 I
83%
#10 O
83%
#8 I
80%
#18 I
80%
#18 I
80%
#4 O
80%
#11 E
78%
#14 I
78%
#11 S
78%
#19 B
75%
#5 G
75%
#5 I
75%
#17 I
75%
#24 I
75%
#5 L
75%
#5 M
75%
#5 N
75%
#19 N
75%
#5 O
75%
#5 O
75%
#23 O
75%
#23 R
75%
#19 T
75%
#19 U
75%
#2 A
71%
#2 A
71%
#2 A
71%
#2 E
71%
#2 I
71%
#2 L
71%
#2 M
71%
#13 I
70%
#13 I
70%
#13 I
70%
#4 U
70%
#1 I
67%
#9 I
67%
#9 I
67%
#1 L
67%
#9 L
67%
#20 N
67%
#1 O
67%
#1 O
67%
#9 S
67%
#17 N
63%
#17 N
63%
#17 T
63%
#17 Z
63%
#22 I
60%
#18 N
60%
#18 O
60%
#8 U
60%
#22 U
60%
#6 N
57%
#6 U
57%
#14 L
56%
#7 S
56%
#21 I
55%
#21 O
55%
#1 B
50%
#20 B
50%
#1 C
50%
#10 C
50%
#9 D
50%
#23 D
50%
#12 I
50%
#23 I
50%
#23 J
50%
#1 M
50%
#10 M
50%
#9 N
50%
#12 N
50%
#23 N
50%
#15 O
50%
#4 P
50%
#4 R
50%
#3 R
50%
#10 R
50%
#12 S
50%
#22 S
50%
#24 S
50%
#4 T
50%
#10 U
50%
#11 N
44%
#14 R
44%
#14 U
44%
#6 L
43%
#2 N
43%
#6 T
43%
#8 B
40%
#8 B
40%
#13 B
40%
#18 C
40%
#18 D
40%
#4 G
40%
#13 K
40%
#4 L
40%
#8 M
40%
#22 N
40%
#13 R
40%
#22 R
40%
#13 T
40%
#8 Z
40%
#16 I
38%
#16 N
38%
#16 R
38%
#14 B
33%
#7 D
33%
#3 G
33%
#14 G
33%
#11 I
33%
#11 I
33%
#12 K
33%
#20 M
33%
#7 N
33%
#3 P
33%
#12 P
33%
#7 R
33%
#20 R
33%
#12 T
33%
#11 T
33%
#3 U
33%
#7 U
33%
#11 U
33%
#3 Y
33%
#22 G
30%
#18 M
30%
#22 P
30%
#15 R
30%
#15 S
30%
#21 L
27%
#21 M
27%
#24 D
25%
#24 L
25%
#24 M
25%
#24 V
25%
#7 H
22%
#15 B
20%
#15 B
20%
#15 D
20%
#21 D
18%
#21 V
18%
#16 L
13%
#16 S
13%
#16 K
0%
No se encontraron pruebas coincidentes
Distribución de puntuación
Porcentaje de gente con cada puntuación
Porcentaje por número respondido
Historial de tus puntuaciones
No has intentado esta prueba.